States by Number of Electoral Votes - Statistics

General Stats
  • This quiz has been taken 910 times
    868 since last reset
  • The average score is 14 of 20
Answer Stats
EVs State % Correct
54 California
100%
40 Texas
99%
30 Florida
96%
28 New York
95%
19 Illinois | Pennsylvania
93%
16 Georgia | North Carolina
84%
17 Ohio
84%
15 Michigan
72%
3 Alaska | Delaware | District of Colombia | North Dakota | South Dakota | Vermont | Wyoming
70%
4 Hawaii | Idaho | Maine | Montana | New Hampshire | Rhode Island | West Virginia
67%
11 Arizona | Indiana | Massachusetts | Tennessee
66%
10 Colorado | Maryland | Minnesota | Missouri | Wisconsin
63%
6 Arkansas | Iowa | Kansas | Mississippi | Nevada | Utah
59%
14 New Jersey
56%
13 Virginia
55%
12 Washington
55%
8 Kentucky | Louisiana | Oregon
54%
9 Alabama | South Carolina
49%
5 Nebraska | New Mexico
48%
7 Connecticut | Oklahoma
42%
No matching quizzes found
Score Distribution
Percent of People with Each Score
Percentile by Number Answered
Your Score History
You have not taken this quiz since the last reset